| 000 | 01083nam a2200313 a 4500 | ||
|---|---|---|---|
| 003 | CO-ViMGA | ||
| 005 | 20230915232210.0 | ||
| 008 | 130112s2012 ck gr 000 0bspa d | ||
| 020 | _a9584232568 | ||
| 020 | _a9789584232564 | ||
| 040 |
_aCO-ViMGA _bspa _cCO-ViMGA |
||
| 041 | 1 | _heng | |
| 082 | 0 | 4 |
_a813.5 _bC51c10 _219 |
| 100 | 1 |
_aClare, Cassandra, _d1973- _92241 |
|
| 245 | 1 | 0 |
_aCazadores de sombras : _bciudad de los ángeles caídos / _cCassandra Clare ; traducción de Isabel Murillo. |
| 250 | _a4a. ed. | ||
| 260 |
_aBogotá : _bDestino, _c2012. |
||
| 300 |
_a411 p. ; _c21 cm. |
||
| 490 | 0 | _aDestino infantil y juvenil, 2011 | |
| 490 | 0 |
_aLa Isla del Tiempo ; _v4 |
|
| 534 |
_pTítulo original : _tThe mortal instruments. City of fallen angels. |
||
| 650 | 1 | 4 |
_aAmor _v Novela juvenil. _92245 |
| 650 | 1 | 4 |
_aDemonología _v Novela juvenil. _92243 |
| 650 | 1 | 4 |
_aLo sobrenatural _v Novela juvenil. _92242 |
| 650 | 1 | 4 |
_aMagia _v Novela juvenil. _92244 |
| 650 | 1 | 4 |
_aNovela juvenil estadounidense. _91575 |
| 700 | 1 |
_aMurillo, Isabel, _etr. _92246 |
|
| 942 |
_2ddc _cBK |
||
| 999 |
_c33737 _d33737 |
||